Extremely Hard General Knowledge #28 - Statistics

General Stats
  • This quiz has been taken 503 times
  • The average score is 3 of 20
Answer Stats
Hint Answer % Correct
Which American abolitionist born in 1822 was nicknamed 'Moses' for her work in saving people from slavery? Harriet Tubman
49%
Who became the last English King to die in battle in the year 1485? Richard III
46%
Which city is the de facto capital of Palestine? Ramallah
38%
Which Finnish composer was born in 1865 and is widely regarded as the country's greatest composer? Jean Sibelius
32%
Which U.S. State is the TV Show 'Glee' set in? Ohio
32%
Which province in China is the largest by area and has the capital Ürümqi? Xinjiang
25%
Tui is a beer originating from which country? New Zealand
15%
In which year was The Ashes first held? 1882
12%
What was Princess Margaret royal title, held until her death in 2002? Countess of {Snowdon}
12%
Who starred as Bill Preston in Bill and Ted's Excellent Adventure (1989)? Alex Winter
10%
Which racer did Lewis Hamilton overtake to move up to 5th in the Brazilian Grand Prix, leading to Hamilton claiming the World Championship in 2008? Timo Glock
9%
What is the name of the Factory of the local textiles company in Coronation Street? Underworld
9%
In 1935, which film became the first film to win all the 'Big Five' awards at the Oscars? It Happened One Night (1934)
8%
Which Brazilian actress was known as 'The Brazilian Bombshell'? Carmen Miranda
7%
In which Mexican city would you find the Pyramid of the Sun? Teotihuacán
7%
How many acres are in a square mile? 640
6%
What is the shortest book in the Old Testament? Obadiah
6%
What was the name of the Rolling Stones first UK Number One single in 1964? It's All Over Now
3%
In 1892, who patented moving stairs, now known as an escalator? Jesse W. Reno
2%
The American R&B group 'The Valentinos' had members which all shared which surname? Womack
2%
No matching quizzes found
Score Distribution
Percent of People with Each Score
Percentile by Number Answered
Your Score History
You have not taken this quiz